[Event "Online Olym Top DivD 2021"]
[Site "chess.com INT"]
[Date "2021.09.10"]
[Round "9.5"]
[Board "2"]
[White "Soysal, Serkan"]
[Black "McShane, Luke J"]
[Result "1/2-1/2"]
[WhiteTitle "IM"]
[BlackTitle "GM"]
[WhiteElo "2389"]
[BlackElo "2674"]
[WhiteTeam "Turkey"]
[BlackTeam "England"]
[WhiteFideId "6349250"]
[BlackFideId "404853"]
[EventDate "2021.09.08"]
[EventType "team"]

1. Nf3 d5 2. g3 Nd7 3. c4 dxc4 4. Bg2 e6 5. Qa4 a6 6. Qxc4 b5 7. Qc2 Bb7 8. O-O
c5 9. b3 Ngf6 10. Bb2 Be7 11. d3 O-O 12. e4 Nb8 13. Ne5 Nfd7 14. Nf3 Nc6 15. Nc3
Bf6 16. Rfd1 Nde5 17. Nxe5 Bxe5 18. Ne2 Nd4 19. Nxd4 Bxd4 20. Rac1 Rc8 21. Bxd4
Qxd4 22. Qc3 Rfd8 23. Qxd4 cxd4 24. b4 Rc3 25. Rxc3 dxc3 26. Kf1 a5 27. a3 axb4
28. axb4 Rd4 29. Rc1 Rxd3 30. Ke2 Rd4 31. Rxc3 f5 32. Rd3 Rxd3 33. Kxd3 e5 34.
f4 Kf7 35. fxe5 g5 36. Kd4 f4 37. gxf4 gxf4 38. Bf3 Ke7 39. Bg4 Bc6 40. Bf5 h6
41. Kd3 Be8 42. h3 Bh5 43. Kd4 Be2 44. Kc3 Bd1 45. Kd2 Bf3 46. Ke1 h5 47. Kf2
Bd1 48. h4 Kd8 49. Bh3 Ke7 50. Bc8 Kf7 51. Bd7 Ke7 52. Bxb5 Ke6 53. Be2 Bc2 54.
b5 Bxe4 55. b6 Bb7 56. Bf3 Ba6 57. Be2 Bb7 58. Bf3 Ba6 59. b7 Bxb7 60. Bxb7 Kxe5
61. Kf3 Kf6 62. Kxf4 Kg7 1/2-1/2

[Event "Online Olym Top DivD 2021"]
[Site "chess.com INT"]
[Date "2021.09.10"]
[Round "9.5"]
[Board "3"]
[White "Head, Louise"]
[Black "Onur, Cigdem"]
[Result "0-1"]
[WhiteTitle "WFM"]
[BlackTitle "WCM"]
[WhiteElo "2090"]
[BlackElo "2015"]
[WhiteTeam "England"]
[BlackTeam "Turkey"]
[WhiteFideId "424773"]
[BlackFideId "6346030"]
[EventDate "2021.09.08"]
[EventType "team"]

1. d4 d5 2. c4 e6 3. Nc3 Nf6 4. Bg5 Be7 5. e3 c6 6. Nf3 Nbd7 7. Qc2 O-O 8. cxd5
exd5 9. Bd3 h6 10. Bh4 Nh5 11. Bxe7 Qxe7 12. O-O Nhf6 13. Rab1 Re8 14. b4 Nf8
15. b5 c5 16. dxc5 Qxc5 17. Ne2 Qxc2 18. Bxc2 Bg4 19. Ned4 Rac8 20. Rfc1 Ne4 21.
Bxe4 Rxc1+ 22. Rxc1 dxe4 23. Nd2 Ne6 24. N2b3 Nxd4 25. Nxd4 Rc8 26. Rxc8+ Bxc8
27. Kf1 Kf8 28. Ke2 Ke7 29. Kd2 Kd6 30. Kc3 Kc5 31. a4 f5 32. Nb3+ Kd5 33. Kb4
g5 34. Nd4 f4 35. Ne2 b6 36. exf4 gxf4 37. Nxf4+ Kd4 38. Ng6 Kd3 39. Ne7 Bb7 40.
g4 Ke2 41. h4 Kxf2 42. Nf5 e3 43. Nxe3 Kxe3 44. g5 hxg5 45. hxg5 Kf4 46. Kc4
Kxg5 47. Kd4 Kf6 48. a5 Ke6 49. Kc4 Ke5 50. Kb4 Kd5 51. Kb3 Kc5 52. Ka4 Kc4 53.
Ka3 Kxb5 54. axb6 axb6 55. Kb3 Bc8 56. Kc3 Ka4 57. Kb2 Kb4 58. Kc2 Ka3 59. Kb1
b5 60. Ka1 Kb3 61. Kb1 b4 62. Ka1 Ka3 63. Kb1 b3 64. Ka1 b2+ 0-1

[Event "Online Olym Top DivD 2021"]
[Site "chess.com INT"]
[Date "2021.09.10"]
[Round "9.5"]
[Board "4"]
[White "Sahin, Hayrun Nisa"]
[Black "Varney, Zoe"]
[Result "1/2-1/2"]
[WhiteTitle "WCM"]
[BlackTitle "WCM"]
[WhiteElo "2019"]
[BlackElo "1917"]
[WhiteTeam "Turkey"]
[BlackTeam "England"]
[WhiteFideId "6380875"]
[BlackFideId "436135"]
[EventDate "2021.09.08"]
[EventType "team"]

1. e4 e5 2. Nf3 Nc6 3. Nc3 Nf6 4. Bb5 Nd4 5. Ba4 c6 6. d3 Bc5 7. Be3 a5 8. a3 d6
9. Bxd4 exd4 10. Ne2 Bg4 11. Ng3 Nh5 12. h3 Nxg3 13. fxg3 Be6 14. O-O O-O 15.
Qd2 d5 16. e5 b5 17. Bb3 a4 18. Ba2 Bb6 19. Kh2 h6 20. Rac1 Ba5 21. Qf2 c5 22.
c3 dxc3 23. bxc3 Bb6 24. Rb1 Qd7 25. c4 Ra5 26. Qc2 Qc6 27. cxb5 Rxb5 28. Qxa4
Rxb1 29. Qxc6 Rxf1 30. Qxb6 c4 31. dxc4 dxc4 32. Nd4 Bd5 33. Nc6 Ra1 34. Ne7+
Kh8 35. Nxd5 Rxa2 36. Qc5 Rb8 37. Qxc4 Rbb2 38. Qc8+ Kh7 39. Qf5+ Kh8 40. Ne3
Re2 41. e6 fxe6 42. Qxe6 Rxa3 43. Qe8+ Kh7 44. Qe4+ Kh8 45. Qe8+ Kh7 46. Qe4+
Kh8 47. Qe8+ 1/2-1/2

[Event "Online Olym Top DivD 2021"]
[Site "chess.com INT"]
[Date "2021.09.10"]
[Round "9.5"]
[Board "5"]
[White "Derakhshani, Borna"]
[Black "Gurel, Ediz"]
[Result "1-0"]
[WhiteTitle "FM"]
[BlackTitle "FM"]
[WhiteElo "2353"]
[BlackElo "2353"]
[WhiteTeam "England"]
[BlackTeam "Turkey"]
[WhiteFideId "12518450"]
[BlackFideId "44507356"]
[EventDate "2021.09.08"]
[EventType "team"]

1. d4 Nf6 2. Bf4 e6 3. e3 d5 4. Nf3 Bd6 5. Bg3 O-O 6. Nbd2 c5 7. c3 Nc6 8. Ne5
Qc7 9. f4 Ne4 10. Bd3 f5 11. O-O Bd7 12. Bh4 Be8 13. Kh1 Nxe5 14. fxe5 Be7 15.
Nxe4 fxe4 16. Rxf8+ Bxf8 17. Be2 Be7 18. Qe1 cxd4 19. exd4 Bxh4 20. Qxh4 Bg6 21.
Rf1 Bf5 22. Qg5 h6 23. Qf4 Bg6 24. Qg3 Kh7 25. Bg4 Qe7 26. h4 h5 27. Bh3 Re8 28.
Qf4 e3 29. Qxe3 Qxh4 30. Rf4 Qg5 31. Qf2 Re7 32. Kh2 b5 33. g3 Be4 34. Qe2 Kg6
35. Qxb5 Kh7 36. Qe2 g6 37. Qf2 Kh6 38. Rf6 Bf5 39. Bxf5 exf5 40. Rd6 Kh7 41.
Rxd5 Qg4 42. Rd6 f4 43. Qxf4 Qe2+ 44. Kh3 Qd1 45. Kg2 Qe2+ 46. Qf2 Qe4+ 47. Kh2
a5 48. Rf6 Qd5 49. b3 a4 50. c4 Qg8 51. Qf4 axb3 52. axb3 Ra7 53. e6 Ra2+ 54.
Kh3 Qa8 55. Rf7+ Kg8 56. Qf3 Qd8 57. Qf6 Qxf6 58. Rxf6 Kg7 59. Rf7+ Kh6 60. g4
Rb2 61. Rf3 Re2 62. d5 hxg4+ 63. Kxg4 Re4+ 64. Kg3 Kg5 65. c5 Re5 66. c6 1-0

[Event "Online Olym Top DivD 2021"]
[Site "chess.com INT"]
[Date "2021.09.10"]
[Round "9.5"]
[Board "6"]
[White "Can, Isil"]
[Black "Kalaiyalahan, Akshaya"]
[Result "0-1"]
[WhiteTitle "WCM"]
[BlackTitle "FM"]
[WhiteElo "1945"]
[BlackElo "2149"]
[WhiteTeam "Turkey"]
[BlackTeam "England"]
[WhiteFideId "34505733"]
[BlackFideId "422894"]
[EventDate "2021.09.08"]
[EventType "team"]

1. e4 c5 2. Nf3 Nc6 3. d4 cxd4 4. Nxd4 Qb6 5. Nb3 Nf6 6. Nc3 e6 7. Be3 Qc7 8.
Be2 a6 9. a4 Bb4 10. f3 d5 11. O-O dxe4 12. Nxe4 Nd5 13. Bc1 O-O 14. c3 Be7 15.
Kh1 Rd8 16. Qe1 f5 17. Nec5 Qb6 18. a5 Nxa5 19. Rxa5 Bxc5 20. Rxc5 Qxb3 21. Bc4
Qb6 22. b4 Qd6 23. Bg5 Rd7 24. Rxd5 exd5 25. Bxd5+ Kf8 26. c4 Re7 27. Bxe7+ Qxe7
28. Qg3 a5 29. b5 a4 30. Re1 Qd8 31. Qe5 a3 32. Qd4 Qc7 33. Qc3 Qd6 34. Qe3 Bd7
35. Bxb7 Re8 36. Qf2 Rxe1+ 37. Qxe1 a2 38. Bd5 Qa3 39. Qa1 Qb3 0-1